[Event "ESP-ch U12"]
[Site "Salobrena"]
[Date "2022.07.13"]
[Round "4"]
[White "Gutierrez Toro, Raul"]
[Black "Costoso Vinas, Aimar"]
[Result "1/2-1/2"]
[WhiteElo "1600"]
[BlackElo "1369"]
[PlyCount "61"]
[EventDate "2022.07.04"]
[EventType "swiss"]
[EventRounds "9"]
[EventCountry "ESP"]
[SourceTitle "EXT 2023"]
[Source "ChessBase"]
[SourceDate "2022.10.05"]
[SourceVersion "1"]
[SourceVersionDate "2022.10.05"]
[SourceQuality "1"]

1. e4 c5 2. d3 Nc6 3. g3 g6 4. Bg2 Bg7 5. f4 d6 6. Nf3 e6 7. 0-0 Nge7 8. c3 Rb8 9. Be3 b5 10. Qd2 0-0 11. d4 cxd4 12. Nxd4 Qc7 13. Rd1 Rd8 14. Na3 a6 15. Nac2 Bb7 16. a4 bxa4 17. Rxa4 Na5 18. b3 e5 19. Ne2 Nxb3 20. Qe1 Nc5 21. Bxc5 Qxc5+ 22. Qf2 Qxf2+ 23. Kxf2 f5 24. exf5 Bxg2 25. Kxg2 Nxf5 26. Kf2 exf4 27. Ncd4 fxg3+ 28. hxg3 Nxd4 29. Nxd4 Bxd4+ 30. cxd4 Ra8 31. Rda1 1/2-1/2

[Event "ESP-ch U12"]
[Site "Salobrena"]
[Date "2022.07.11"]
[Round "2"]
[White "Jaime Galeano, Alcher"]
[Black "Costoso Vinas, Aimar"]
[Result "0-1"]
[WhiteElo "1650"]
[BlackElo "1369"]
[PlyCount "62"]
[EventDate "2022.07.04"]
[EventType "swiss"]
[EventRounds "9"]
[EventCountry "ESP"]
[SourceTitle "EXT 2023"]
[Source "ChessBase"]
[SourceDate "2022.10.05"]
[SourceVersion "1"]
[SourceVersionDate "2022.10.05"]
[SourceQuality "1"]

1. e4 c5 2. Nc3 a6 3. f4 b5 4. Nf3 Bb7 5. d3 e6 6. g3 d5 7. e5 Nc6 8. Bg2 h5 9. Bd2 Nh6 10. 0-0 Nf5 11. Bh3 g6 12. Ne2 Be7 13. c3 Qb6 14. Qe1 0-0-0 15. Kh1 d4 16. cxd4 Nfxd4 17. Nexd4 Nxd4 18. Bg2 Rd7 19. Rc1 Nxf3 20. Bxf3 Rxd3 21. Be3 Bxf3+ 22. Rxf3 Qb7 23. Kg2 Kb8 24. b3 h4 25. Qe2 Qe4 26. g4 g5 27. Kf2 h3 28. Rg1 gxf4 29. Rxf4 Bh4+ 30. Rg3 Bxg3+ 31. Kxg3 Rxe3+ 0-1